00454 2200169 4500001002100000005001500021008004100036020002200077035001900099041000700118082001000125090001600135100002100151245006000172260002700232300002500259INLIS00000000002385720241224131607241224||||||||| | ||| |||| || |  a978-979-29-1620-1 0010-1224023857 aid0 a745.5 a745.5 NUR d0 aNURHETI YULIARTI00aDari Sampah Jdi Berkah; Aneka Kreasi dari Kemasan Bekas aYogyakartabandic2012 avi;42 hlm;14 x 21 cm